Webová aplikácia založená na REST architektúre bakalárska práca

Salvato in:
Dettagli Bibliografici
Autore principale: Jarab, Marek
Ente Autore: Fakulta hospodárskej informatiky EU. Katedra aplikovanej informatiky
Altri autori: Schmidt, Peter, 1968-
Natura: Libro
Lingua:slovacco
Pubblicazione: Bratislava 2018
Tags: Aggiungi Tag
Nessun Tag, puoi essere il primo ad aggiungerne!!

MARC

LEADER 00000nbm a2200000 4500
001 0245260
005 20181015110246.8
041 0 |a slo 
044 |a SK 
245 1 0 |a Webová aplikácia založená na REST architektúre  |b bakalárska práca  |c Marek Jarab ; školiteľ: Peter Schmidt 
264 1 |a Bratislava  |c 2018 
300 |a 62 s. 
100 1 |a Jarab, Marek 
700 1 |a Schmidt, Peter, 1968- 
710 2 |a Fakulta hospodárskej informatiky EU. Katedra aplikovanej informatiky